000 00539nam a2200205Ia 4500
005 20250508164521.0
008 008 250505s9999 xx 000 0 hin d
037 _aTextBook
040 _aFEDL
_beng
_cFEDL
041 _ahin
_2eng
084 _a370, GIJ
_qFEDL
100 _aGijubhai
245 0 _aPrathmiksala me shiksha-padhati
260 _aRajaldesar, India
_bMontesary-Bal-Shikshan-Samiti
_c1991
300 _a88p.
365 _aINR
_b12
546 _aMACESE
942 _cTB
_h370, GIJ
999 _c1389532
_d1389532